书目信息 |
| 题名: |
关贸总协定
|
|
| 作者: | 程虹 , 窦梅 编著 | |
| 分册: | ||
| 出版信息: | 武汉 湖北辞书出版社 1993.1 |
|
| 页数: | 391页 | |
| 开本: | 20cm | |
| 丛书名: | ||
| 单 册: | ||
| 中图分类: | F744 , F750.2 | |
| 科图分类: | 29.447 | |
| 主题词: | 经济-中国-影响因素-关税和贸易总协定 , 关税和贸易总协定--研究 , 关税和贸易总协定-影响-经济-中国 | |
| 电子资源: | ||
| ISBN: | 7-5403-0040-X | |
| 000 | 00973nam0 2200289 45 | |
| 001 | 0193026807 | |
| 005 | 20070730114745.20 | |
| 010 | @a7-5403-0040-X@dCNY6.80 | |
| 100 | @a19800101d1993 em y0chiy0121 ea | |
| 101 | 0 | @achi |
| 102 | @aCN@b420000 | |
| 105 | @ay z 000yy | |
| 200 | 10 | @a关贸总协定@AGUAN MAO ZONG XIE DING@e中国的机遇与挑战@EZHONG GUO DE JI YU YU TIAO ZHAN@f程 虹,窦 梅编著@FCHENG HONG , DOU MEI BIAN ZHU |
| 210 | @a武汉@c湖北辞书出版社@d1993.1 | |
| 215 | @a391页@d20cm | |
| 330 | @a本书论述了关贸总协定的基本原则、体系、运作方式及中国入“关”后国内市场的基本走向和影响等。 | |
| 540 | 1 | @a关贸@AGUAN MAO |
| 606 | @a经济-中国-影响因素-关税和贸易总协定 | |
| 606 | @a关税和贸易总协定@x研究 | |
| 606 | @a关税和贸易总协定-影响-经济-中国 | |
| 690 | @aF744@v三版 | |
| 690 | @aF750.2@v三版 | |
| 692 | @a29.447 | |
| 701 | 0 | @a程虹@ACHENG HONG@4编著 |
| 701 | 0 | @a窦梅@ADOU MEI@4编著 |
| 801 | 0 | @aCN@bTSSF@c20070730 |
| 905 | @a10447@dF744@e74 | |
| 关贸总协定:中国的机遇与挑战/程 虹,窦 梅编著.-武汉:湖北辞书出版社,1993.1 |
| 391页;20cm |
| ISBN 7-5403-0040-X:CNY6.80 |
| 本书论述了关贸总协定的基本原则、体系、运作方式及中国入“关”后国内市场的基本走向和影响等。 |
| ● |
| 相关链接 |
|
|
|
|
正题名:关贸总协定
索取号:F744/74
 
预约/预借
| 序号 | 登录号 | 条形码 | 馆藏地/架位号 | 状态 | 备注 |
| 1 | 0766437 | 207664375 | 密集书库/ [索取号:F744/74] | 在馆 | |
| 2 | 0768047 | 207680473 | 第一样本阅览室/ [索取号:F744/74] | 在馆 |